Scottish Highland and Lowland League Teams - 2025/26 - Statistics

General Stats
  • This quiz has been taken 18 times
  • The average score is 20 of 36
Answer Stats
Hint Answer % Correct
Lowland League Albion Rovers
91%
Highland League Fraserburgh F.C.
91%
Highland League Wick Academy
91%
Highland League Brora Rangers
82%
Lowland League Berwick Rangers
73%
Lowland League Caledonian Braves
73%
Lowland League Celtic B
73%
Lowland League Hearts B
73%
Lowland League Bonnyrigg Rose
64%
Highland League Buckie Thistle
64%
Lowland League East Stirlingshire
64%
Highland League Huntly
64%
Highland League Banks O' Dee
55%
Highland League Brechin
55%
Lowland League Clydebank
55%
Lowland League Cowdenbeath
55%
Lowland League Gala Fairydean Rovers
55%
Lowland League Gretna 2008
55%
Highland League Inverurie Loco Works
55%
Lowland League Linlithgow Rose
55%
Highland League Lossiemouth
55%
Highland League Nairn County
55%
Lowland League Tranent Juniors
55%
Highland League Turriff United
55%
Highland League Clachnacuddin F.C.
45%
Highland League Formartine United
45%
Highland League Keith F.C.
45%
Lowland League Stirling University
45%
Highland League Strathspey Thistle
45%
Lowland League Bo'ness United
36%
Lowland League Civil Service Strollers
36%
Lowland League Cumbernauld Colts
36%
Highland League Deveronvale
36%
Highland League Rothes
36%
Lowland League Broxburn Athletic
27%
Highland League Forres Mechanics
27%
No matching quizzes found
Score Distribution
Percent of People with Each Score
Percentile by Number Answered
Your Score History
You have not taken this quiz